000 00356cam a22001217a 4500
008 180718b1956 xxu||||| |||| 00| 0 eng d
082 _aD49x561 M787
100 _aMoorehead, Asan
245 _aGallipoli
_cby Asan Moorehead
260 _aLondon
_bHemilton
_c1956
300 _a384p.
650 _aWorld War, 1914-1918 --Campaigns --Turkey --Gallipoli Peninsula
999 _c374763
_d374763